Music Quiz

Random Music or Song Quiz

Movie #1 Hit Songs Quiz Stats

 Plays Quiz Updated Mar 13, 2012

Challenge
Share
Tweet
Embed
Score 0/26 Timer 05:00
0 Plays Today
Movie Song % Correct
8 MileLose Yourself
75.7%
Rocky IIIEye Of The Tiger
69.9%
The BodyguardI Will Always Love You
60.8%
Wild Wild WestWild Wild West
56.1%
Batman ForeverKiss From A Rose
50.6%
City Of AngelsIris
50.3%
ArmageddonI Don't Want To Miss A Thing
48.9%
BeachesWind Beneath My Wings
44.7%
Robin Hood:
Prince Of Thieves
(Everything I Do) I Do It For You
36.2%
CocktailKokomo
35.3%
American GigoloCall Me
32.8%
FlashdanceManiac
26.1%
Charlie's AngelsIndependent Women Part 1
25.4%
Movie Song % Correct
FootlooseLet's Hear It For The Boy
21.5%
Young Guns IIBlaze Of Glory
17%
BatmanBatdance
13.9%
MannequinNothing's Gonna Stop Us Now
13.5%
The Karate Kid
Part II
Glory Of Love
12.7%
The Woman In RedI Just Called To Say I Love You
10.9%
Up Close And PersonalBecause You Loved Me
9.5%
The Poseidon AdventureThe Morning After
7.3%
White NightsSay You, Say Me
6.5%
Dream A Little DreamRock On
5.7%
The Nutty Professor 2: The KlumpsDoesn't Really Matter
3.6%
Summer LoversHard To Say I'm Sorry
2%
King CreoleHard Headed Woman
0.5%

You're not logged in!

Compare scores with friends on all Sporcle quizzes.
OR
Log In

You Might Also Like...

Show Comments

Extras

Top Quizzes Today


Score Distribution

Your Account Isn't Verified!

In order to create a playlist on Sporcle, you need to verify the email address you used during registration. Go to your Sporcle Settings to finish the process.

Report this User

Report this user for behavior that violates our Community Guidelines.

Details: